|
|
|
|
| LEADER |
00000nas a2200000 a 4500 |
| 001 |
ssj0000042 |
| 003 |
WaSeSS |
| 005 |
20200512172242.0 |
| 006 |
m d |
| 007 |
cr n |
| 008 |
880613d19881996enkwr p s 0 a0eng c |
| 010 |
|
|
|a 88658648
|z sn 88033422
|
| 016 |
7 |
|
|a 100959575
|2 DNLM
|
| 016 |
7 |
|
|a 012421870
|2 Uk
|
| 016 |
|
|
|a (AMICUS)000008256397
|
| 022 |
|
|
|l 0954-2361
|y 0954-2361
|
| 030 |
|
|
|a NESSEF
|
| 032 |
|
|
|a 382360
|b USPS
|
| 035 |
|
|
|a (WaSeSS)ssj0000042
|
| 040 |
|
|
|a EUN
|b eng
|c EUN
|d CLU
|d COO
|d NSD
|d IUL
|d DLC
|d NST
|d IUL
|d DLC
|d NYG
|d HUL
|d NST
|d NSD
|d EYM
|d NST
|d NSD
|d CAS
|d NSD
|d NST
|d GUA
|d WAU
|d NYG
|d DLC
|d NLM
|d OCLCQ
|d NLGGC
|d CUS
|d OCLCQ
|d AU@
|d CNMBL
|d UKMGB
|d OCLCF
|d OCLCO
|d OCL
|d NLC
|d OCLCQ
|d CPO
|d IUL
|d RDF
|d WaSeSS
|
| 042 |
|
|
|a pcc
|a nsdp
|
| 043 |
|
|
|a e-uk---
|
| 050 |
0 |
0 |
|a AP4
|b .N6425
|
| 210 |
0 |
|
|a New statesman soc.
|
| 222 |
|
0 |
|a New statesman & society
|
| 245 |
0 |
0 |
|a New statesman society
|h [electronic resource].
|
| 246 |
3 |
0 |
|a Newstatesman society
|
| 246 |
1 |
3 |
|a New statesman and society
|
| 246 |
1 |
3 |
|a New statesman, new society
|
| 246 |
1 |
7 |
|a New statesman & society
|f June 1988-June 1996
|
| 246 |
1 |
|
|i Issues for 29 Jan. 1993-7 June 1996 have title:
|a New Statesman & Society
|
| 260 |
|
|
|a [London :
|b Statesman & Nation Pub. Co. Ltd.,
|c c1988-c1996]
|
| 310 |
|
|
|a Weekly
|
| 362 |
0 |
|
|a Vol. 1, no. 1 (10 June 1988)-v. 9, no. 406 (7 June 1996).
|
| 500 |
|
|
|a Title from cover.
|
| 506 |
|
|
|a License restrictions may limit access.
|
| 515 |
|
|
|a Vol. 1, no. 1-v. 9, no. 406 called also v. 115, no. 2984-v. 125, no. 4287 and v. 84, no. 1327-v. 92, no. 1726 in continuation of the respective numbering of its previous titles: New statesman (London, England : 1957); and: New society.
|
| 580 |
|
|
|a Merger of: New statesman (London, England : 1957); and: New society.
|
| 650 |
|
0 |
|a Social sciences
|v Periodicals.
|
| 650 |
1 |
7 |
|a Weekbladen.
|2 gtt
|
| 650 |
1 |
7 |
|a Politiek.
|2 gtt
|
| 650 |
1 |
7 |
|a Maatschappij.
|2 gtt
|
| 650 |
|
7 |
|a Social conditions
|2 fast
|0 (OCoLC)fst01919811
|
| 650 |
|
7 |
|a Social sciences.
|2 fast
|0 (OCoLC)fst01122877
|
| 650 |
|
6 |
|a Sciences sociales
|x Périodiques.
|
| 651 |
|
0 |
|a Great Britain
|x Social conditions
|v Periodicals.
|
| 651 |
|
7 |
|a Great Britain.
|2 fast
|0 (OCoLC)fst01204623
|
| 651 |
|
6 |
|a Grande-Bretagne
|x Conditions sociales
|x Périodiques.
|
| 653 |
0 |
|
|a Literature/writing
|a Political science.
|
| 655 |
|
0 |
|a Electronic journals.
|
| 780 |
1 |
4 |
|t New statesman (London, England : 1957)
|x 0028-6842
|w (DLC) 87647099
|w (OCoLC)4588945
|
| 780 |
1 |
4 |
|t New society
|x 0028-6729
|w (DLC) 73644639
|w (OCoLC)1787509
|
| 785 |
0 |
0 |
|t New statesman (London, England : 1996)
|x 1364-7431
|w (DLC) 97657456
|w (OCoLC)35012871
|
| 850 |
|
|
|a AAP
|a AMAU
|a AU
|a ArU
|a AzTeS
|a C
|a CCC
|a CLU
|a CPT
|a CSt
|a CSt-H
|a CU-Riv
|a CU-S
|a CU-SB
|a CaMWU
|a CaNSHD
|a CaOLU
|a CaOOE
|a CaOONL
|a CaOTU
|a CaQMMN
|a CaSSU
|a CoFS
|a CoU
|a DGW
|a DLC
|a DeU
|a FU
|a GU
|a ICU
|a IEN
|a INS
|a IaAS
|a IaU
|a In
|a InLP
|a InU
|a KMK
|a KPT
|a KyU
|a LU
|a MBU
|a MH
|a MH-Hi
|a MH-Lm
|a MMeT
|a MNS
|a MdBJ
|a MiDW
|a MiEM
|a MiU
|a MnU
|a MoSU
|a MoU
|a MsU
|a N
|a NBuU
|a NCH
|a NIC
|a NN
|a NNC
|a NSyU
|a NcD
|a NcRS
|a NcWsW
|a NdU
|a NjR
|a NmU
|a NvU
|a OC
|a OCU
|a OU
|a OrCS
|a OrU
|a PBL
|a PPD
|a PPT
|a PPiC
|a PPiD
|a PU
|a TU
|a TxCM
|a TxDaM
|a TxHR
|a ULA
|a UPB
|a UU
|a ViBlbV
|a ViU
|a ViW
|a WM
|a WaU
|a WyU
|
| 856 |
4 |
0 |
|z Full text available from Research Library: 06/10/1988 to 06/07/1996
|u https://search.proquest.com/publication/5509
|